[Event "WTch Seniors 50+"]
[Site "Radebeul GER"]
[Date "2016.07.03"]
[Round "8.6"]
[White "Hebert, Jean"]
[Black "Huelsmann, Josef"]
[Result "1/2-1/2"]
[WhiteElo "2370"]
[BlackElo "2211"]
[PlyCount "91"]
[GameId "2130307643897067"]
[EventDate "2016.06.26"]
[EventType "team"]
[EventRounds "9"]
[EventCountry "GER"]
[SourceTitle "The Week in Chess 1131"]
[Source "Mark Crowther"]
[SourceDate "2016.07.11"]
[SourceVersion "2"]
[SourceVersionDate "2016.07.12"]
[SourceQuality "2"]
[WhiteTeam "Canada"]
[BlackTeam "SF Monheim Revival"]
[WhiteTeamCountry "CAN"]

1. Nf3 d5 2. g3 c6 3. Bg2 Bg4 4. O-O Nd7 5. d3 Ngf6 6. c4 e6 7. cxd5 exd5 8. Nc3 Be7 9. Qc2 O-O 10. e4 h6 11. h3 dxe4 12. dxe4 Bxf3 13. Bxf3 Bc5 14. Na4 Bd6 15. Be3 Qe7 16. Rad1 Rfe8 17. Bg2 Nb6 18. Bc5 Bxc5 19. Nxc5 Rad8 20. b4 Nc8 21. a3 Rd6 22. e5 Rxd1 23. Rxd1 Nd5 24. Bxd5 cxd5 25. f4 b6 26. Nb3 Qd7 27. Kh2 Ne7 28. Nd4 Rc8 29. Qd3 Rc4 30. Rd2 Qc7 31. Nb5 Qc6 32. Nxa7 Qa4 33. f5 Qxa7 34. f6 Ng6 35. Qxd5 Qc7 36. e6 gxf6 37. exf7+ Qxf7 38. Qd8+ Nf8 39. Qxb6 Rc3 40. a4 Qg6 41. Qd6 Qe4 42. a5 Rc1 43. Qd5+ Qxd5 44. Rxd5 Rc2+ 45. Kg1 Ra2 46. Rd6 1/2-1/2

[Event "WTch Seniors 50+"]
[Site "Radebeul GER"]
[Date "2016.07.04"]
[Round "9.6"]
[White "Revuckij, Vladimir"]
[Black "Hebert, Jean"]
[Result "1/2-1/2"]
[WhiteElo "2401"]
[BlackElo "2370"]
[PlyCount "64"]
[GameId "2130307643901251"]
[EventDate "2016.06.26"]
[EventType "team"]
[EventRounds "9"]
[EventCountry "GER"]
[SourceTitle "The Week in Chess 1131"]
[Source "Mark Crowther"]
[SourceDate "2016.07.11"]
[SourceVersion "2"]
[SourceVersionDate "2016.07.12"]
[SourceQuality "2"]
[WhiteTeam "Obuchiw"]
[BlackTeam "Canada"]
[BlackTeamCountry "CAN"]

1. e4 c5 2. Nf3 Nc6 3. d4 cxd4 4. Nxd4 Nf6 5. Nc3 d6 6. Bg5 Qb6 7. Nb3 e6 8. Qd2 a6 9. O-O-O Be7 10. f3 Qc7 11. g4 b5 12. Be3 Rb8 13. g5 Nd7 14. f4 Nc5 15. Nxc5 dxc5 16. e5 Bb7 17. Bg2 Rd8 18. Qf2 Nd4 19. Ne4 Bxe4 20. Bxe4 O-O 21. Bxd4 cxd4 22. Rd3 g6 23. h4 h6 24. gxh6 Kh8 25. Rg1 Rc8 26. Rd2 d3 27. Qg2 Qxc2+ 28. Rxc2 Rxc2+ 29. Qxc2 dxc2 30. Rg4 Rd8 31. Kxc2 Rd4 32. Bf3 b4 1/2-1/2

[Event "Vaujany op-A"]
[Site "Vaujany FRA"]
[Date "2015.07.10"]
[Round "2"]
[White "Hebert, Jean"]
[Black "Libiszewski, Fabien"]
[Result "0-1"]
[WhiteElo "2381"]
[BlackElo "2531"]
[PlyCount "108"]
[GameId "2130307657279285"]
[EventDate "2015.07.09"]
[EventType "swiss"]
[EventRounds "9"]
[EventCountry "FRA"]
[SourceTitle "EXT 2016"]
[Source "ChessBase"]
[SourceDate "2015.10.08"]
[SourceVersion "1"]
[SourceVersionDate "2015.10.08"]
[SourceQuality "1"]

1. Nf3 Nf6 2. c4 g6 3. Nc3 Bg7 4. d4 O-O 5. Bg5 c5 6. e3 cxd4 7. Nxd4 Qa5 8. Bxf6 Bxf6 9. Qd2 Bg7 10. Nd5 Qd8 11. g3 Nc6 12. Bg2 b6 13. O-O Bb7 14. Rac1 Rc8 15. b3 Nxd4 16. exd4 e6 17. Nc3 Bxg2 18. Kxg2 d6 19. Qd3 Qd7 20. Rfd1 a6 21. f4 Rc7 22. d5 e5 23. fxe5 Bxe5 24. a4 f5 25. Ne2 f4 26. Rf1 Qg4 27. Rf3 Rcf7 28. Rcf1 fxg3 29. hxg3 Rxf3 30. Rxf3 Rxf3 31. Qxf3 Qxf3+ 32. Kxf3 a5 33. g4 h6 34. Ke4 Kf7 35. Ng1 Kf6 36. Nf3 Bb2 37. Kf4 Bc1+ 38. Kg3 Be3 39. Nh4 Bg5 40. Nf3 Be3 41. Kh3 h5 42. Kg3 hxg4 43. Kxg4 Bc1 44. Nd4 Ke5 45. Nb5 Bh6 46. Kf3 Bd2 47. Nc7 Kd4 48. Nb5+ Kc5 49. Ke4 g5 50. Kd3 Bf4 51. Na7 Kb4 52. Nc8 Kxb3 53. Nxb6 Kb4 54. Ke4 Kc5 0-1

[Event "Vaujany op-A"]
[Site "Vaujany FRA"]
[Date "2015.07.11"]
[Round "3"]
[White "Prost, Frederic"]
[Black "Hebert, Jean"]
[Result "0-1"]
[WhiteElo "2100"]
[BlackElo "2362"]
[PlyCount "68"]
[GameId "2130307657283396"]
[EventDate "2015.07.09"]
[EventType "swiss"]
[EventRounds "9"]
[EventCountry "FRA"]
[SourceTitle "EXT 2017"]
[Source "ChessBase"]
[SourceDate "2016.10.25"]
[SourceVersion "1"]
[SourceVersionDate "2016.10.25"]
[SourceQuality "1"]

1. g3 e5 2. Bg2 d5 3. d4 e4 4. c4 c6 5. Nc3 h6 6. Bf4 Nf6 7. Bxb8 Rxb8 8. cxd5 cxd5 9. e3 Bd6 10. Nge2 O-O 11. O-O b5 12. Nf4 Bxf4 13. exf4 Bg4 14. Qd2 Qd7 15. Nd1 Bxd1 16. Rfxd1 Rfe8 17. Re1 b4 18. f3 h5 19. Rac1 h4 20. fxe4 dxe4 21. Rc5 h3 22. Bf1 Red8 23. Rc4 a5 24. Qe2 Rb6 25. Rd1 Rd6 26. Kh1 Re8 27. Rdc1 e3 28. Rc7 Qe6 29. Re1 Rxd4 30. Qf3 Qxa2 31. Bxh3 Qxb2 32. Rc8 Rxc8 33. Bxc8 Rd2 34. h4 Rh2+ 0-1

[Event "Vaujany op-A"]
[Site "Vaujany FRA"]
[Date "2015.07.12"]
[Round "4"]
[White "Hebert, Jean"]
[Black "Bandet, Raphael"]
[Result "1-0"]
[WhiteElo "2362"]
[BlackElo "2165"]
[PlyCount "45"]
[GameId "2130307657283406"]
[EventDate "2015.07.09"]
[EventType "swiss"]
[EventRounds "9"]
[EventCountry "FRA"]
[SourceTitle "EXT 2017"]
[Source "ChessBase"]
[SourceDate "2016.10.25"]
[SourceVersion "1"]
[SourceVersionDate "2016.10.25"]
[SourceQuality "1"]

1. Nf3 d5 2. g3 Nf6 3. Bg2 e6 4. O-O b6 5. c4 Bb7 6. d4 Be7 7. cxd5 Nxd5 8. Re1 c5 9. e4 Nf6 10. Nc3 cxd4 11. Nxd4 O-O 12. Be3 Nc6 13. e5 Nd5 14. Nxd5 exd5 15. Nf5 Bb4 16. Bd2 Bc5 17. Qg4 g6 18. Nh6+ Kg7 19. Bg5 Be7 20. Nf5+ Kg8 21. Nxe7+ Nxe7 22. Qh4 Re8 23. g4 1-0

[Event "Vaujany op-A"]
[Site "Vaujany FRA"]
[Date "2015.07.13"]
[Round "5"]
[White "Di Nicolantonio, Lucas"]
[Black "Hebert, Jean"]
[Result "1/2-1/2"]
[WhiteElo "2421"]
[BlackElo "2362"]
[PlyCount "129"]
[GameId "2130307657283413"]
[EventDate "2015.07.09"]
[EventType "swiss"]
[EventRounds "9"]
[EventCountry "FRA"]
[SourceTitle "EXT 2017"]
[Source "ChessBase"]
[SourceDate "2016.10.25"]
[SourceVersion "1"]
[SourceVersionDate "2016.10.25"]
[SourceQuality "1"]

1. e4 c5 2. Nf3 e6 3. d4 cxd4 4. Nxd4 a6 5. Nc3 Qc7 6. f4 b5 7. Bd3 Bb7 8. Qe2 Nf6 9. Bd2 b4 10. Nd1 Bc5 11. Nb3 Be7 12. c4 O-O 13. e5 Ne8 14. O-O f5 15. Kh1 a5 16. a3 Na6 17. Nd4 bxa3 18. Nb5 Qd8 19. Nxa3 Nb4 20. Nb5 Nc7 21. Nd6 Bxd6 22. exd6 Ne8 23. Bxb4 axb4 24. Rxa8 Qxa8 25. c5 Nf6 26. Ne3 Rc8 27. Rc1 Qa7 28. Qc2 Be4 29. h3 Bxd3 30. Qxd3 Rxc5 31. Nc4 Rc6 32. Kh2 Ne4 33. Rd1 Qf2 34. Rf1 Qc5 35. b3 h6 36. Qf3 Ra6 37. Rd1 Ra2 38. Ne5 Qa7 39. Nc6 Qc5 40. Ne5 Nf6 41. Qg3 Qf2 42. Qxf2 Rxf2 43. Rd4 g5 44. fxg5 hxg5 45. Rxb4 Rd2 46. Nc4 Rd4 47. Rb8+ Kg7 48. Rc8 Rd3 49. b4 g4 50. g3 f4 51. gxf4 g3+ 52. Kg1 Nd5 53. Ne5 Rd2 54. Rc4 Ne3 55. Rc1 Rxd6 56. Ng4 Nf5 57. b5 Rd2 58. Rc3 Rb2 59. Ne3 Nd4 60. Nc4 Ne2+ 61. Kf1 Nxc3 62. Nxb2 Nxb5 63. Kg2 Kf6 64. Kxg3 Kf5 65. Kf3 1/2-1/2

[Event "Vaujany op-A"]
[Site "Vaujany FRA"]
[Date "2015.07.14"]
[Round "6"]
[White "Hebert, Jean"]
[Black "Brunner, Nicolas"]
[Result "1/2-1/2"]
[WhiteElo "2381"]
[BlackElo "2432"]
[PlyCount "100"]
[GameId "2130307657283425"]
[EventDate "2015.07.09"]
[EventType "swiss"]
[EventRounds "9"]
[EventCountry "FRA"]
[SourceTitle "EXT 2016"]
[Source "ChessBase"]
[SourceDate "2015.10.08"]
[SourceVersion "1"]
[SourceVersionDate "2015.10.08"]
[SourceQuality "1"]

1. Nf3 Nf6 2. g3 b6 3. Bg2 Bb7 4. O-O e6 5. c4 c5 6. Nc3 d6 7. Re1 Nbd7 8. e4 Rc8 9. b3 Be7 10. d4 cxd4 11. Nxd4 Qc7 12. Ndb5 Qb8 13. Bb2 a6 14. Nd4 O-O 15. Qd2 Qa8 16. Re2 Nc5 17. Rae1 Rfe8 18. h3 Bf8 19. Kh2 Red8 20. Nd5 exd5 21. exd5 Ncd7 22. Nf5 h6 23. g4 Re8 24. g5 Rxe2 25. Rxe2 hxg5 26. Qxg5 Re8 27. Rd2 Ne5 28. Nh6+ Kh7 29. f4 gxh6 30. Qxf6 Bg7 31. Qxd6 Ng6 32. Bxg7 Kxg7 33. f5 Ne5 34. Qxb6 Kh7 35. Qc7 Qc8 36. Qxc8 Bxc8 37. c5 Rd8 38. f6 Kg6 39. Rf2 Bf5 40. c6 Rc8 41. Rf1 Bd3 42. Rf4 Bf5 43. Rf2 h5 44. Rf4 Kg5 45. Rf2 h4 46. Rf1 Bd3 47. Rf2 Bf5 48. Rf1 Bd3 49. Rf2 Bf5 50. Rf1 Bd3 1/2-1/2

[Event "Vaujany op-A"]
[Site "Vaujany FRA"]
[Date "2015.07.15"]
[Round "7"]
[White "Hebert, Jean"]
[Black "Bulmaga, Irina"]
[Result "1-0"]
[WhiteElo "2381"]
[BlackElo "2393"]
[PlyCount "73"]
[GameId "2129404778894524"]
[EventDate "2015.07.09"]
[EventType "swiss"]
[EventRounds "9"]
[EventCountry "FRA"]
[SourceTitle "EXT 2016"]
[Source "ChessBase"]
[SourceDate "2015.10.08"]
[SourceVersion "1"]
[SourceVersionDate "2015.10.08"]
[SourceQuality "1"]

1. Nf3 Nf6 2. c4 b6 3. d4 e6 4. a3 Bb7 5. Nc3 d5 6. cxd5 Nxd5 7. Qc2 Be7 8. e4 Nxc3 9. bxc3 c5 10. Bb5+ Bc6 11. Bd3 O-O 12. O-O Nd7 13. Re1 Re8 14. Bf4 Nf8 15. Ne5 Qc7 16. Nxc6 Qxf4 17. e5 a6 18. Be4 Bd8 19. Rad1 Bc7 {Diagramme #} 20. g3 Qg4 21. Ne7+ Kh8 22. Bxa8 Rxa8 23. d5 exd5 24. Nxd5 Bd8 25. Qe4 Qc8 26. f4 Ne6 27. h4 c4 28. Kh2 b5 29. f5 Nc5 30. Qf3 h6 31. e6 fxe6 32. fxe6 Nxe6 33. Qf5 Nc7 34. Qf8+ Kh7 35. Nb6 Qg4 36. Nxa8 Bxh4 37. Qf2 1-0

[Event "Vaujany op-A"]
[Site "Vaujany FRA"]
[Date "2015.07.16"]
[Round "8"]
[White "Horvath, Jozsef"]
[Black "Hebert, Jean"]
[Result "1-0"]
[WhiteElo "2538"]
[BlackElo "2362"]
[PlyCount "87"]
[GameId "2130307657283440"]
[EventDate "2015.07.09"]
[EventType "swiss"]
[EventRounds "9"]
[EventCountry "FRA"]
[SourceTitle "EXT 2017"]
[Source "ChessBase"]
[SourceDate "2016.10.25"]
[SourceVersion "1"]
[SourceVersionDate "2016.10.25"]
[SourceQuality "1"]

1. Nf3 Nf6 2. c4 c5 3. Nc3 Nc6 4. e3 e6 5. d4 d5 6. cxd5 exd5 7. Bb5 cxd4 8. exd4 Be7 9. O-O O-O 10. h3 Ne4 11. Re1 Nxc3 12. bxc3 Be6 13. Rb1 Rc8 14. Bd3 Qd7 15. Bg5 h6 16. Bf4 Bd6 17. Bxd6 Qxd6 18. Rxb7 Nd8 19. Rxa7 Rxc3 20. Ne5 Nc6 21. Ra6 Qc7 22. Nxc6 Rxc6 23. Rxc6 Qxc6 24. a4 Qc3 25. Bb5 Rc8 26. Qa1 Qd2 27. Qd1 Qb2 28. Bf1 Qb4 29. Qa1 Ra8 30. Bb5 Ra5 31. Rb1 Qd2 32. Rc1 Qb4 33. Qc3 Rxb5 34. axb5 Qxb5 35. Qc2 g5 36. Rb1 Qa6 37. Qd2 Kg7 38. Qb4 Qd3 39. Re1 Kf6 40. Qf8 Kg6 41. Qg8+ Kf6 42. Re3 Qd1+ 43. Kh2 Ke7 44. Qg7 1-0

[Event "Vaujany op-A"]
[Site "Vaujany FRA"]
[Date "2015.07.17"]
[Round "9"]
[White "Hebert, Jean"]
[Black "Gazik, Viktor"]
[Result "0-1"]
[WhiteElo "2362"]
[BlackElo "2434"]
[PlyCount "118"]
[GameId "2130307657287550"]
[EventDate "2015.07.09"]
[EventType "swiss"]
[EventRounds "9"]
[EventCountry "FRA"]
[SourceTitle "EXT 2017"]
[Source "ChessBase"]
[SourceDate "2016.10.25"]
[SourceVersion "1"]
[SourceVersionDate "2016.10.25"]
[SourceQuality "1"]

1. Nf3 Nf6 2. c4 g6 3. d4 Bg7 4. Nc3 O-O 5. e4 d6 6. h3 c5 7. d5 e6 8. Bd3 exd5 9. exd5 Re8+ 10. Be3 Bh6 11. O-O Bxe3 12. fxe3 Qe7 13. e4 a6 14. Qd2 Nbd7 15. Rf2 Kg7 16. Raf1 Rf8 17. Bc2 Ng8 18. Qf4 f6 19. Ba4 Nb6 20. Bb3 Rb8 21. a3 Bd7 22. Ba2 Na4 23. Nxa4 Bxa4 24. b4 b6 25. Rb2 Nh6 26. Rfb1 Qc7 27. Qe3 Rfe8 28. bxc5 bxc5 29. Bb3 Bxb3 30. Rxb3 Rxb3 31. Rxb3 Nf7 32. Qd3 Re7 33. Nd2 Qa5 34. Qc2 Ng5 35. Kh2 Qa4 36. Qb1 Qa5 37. Qb2 Nf7 38. Rb6 Qa4 39. Qb3 Qa5 40. Qb2 Rc7 41. Nf3 Qa4 42. Qb3 Qe8 43. Qb1 Re7 44. Rxa6 Rxe4 45. Ra7 Rxc4 46. Qb6 Ra4 47. Rc7 Kg8 48. Qb7 Kg7 49. Qb6 Kh6 50. Qb7 Ng5 51. Re7 Qa8 52. Nxg5 Kxg5 53. Qb3 Rxa3 54. h4+ Kxh4 55. Rxh7+ Kg5 56. Qd1 Qa4 57. Qxa4 Rxa4 58. Rd7 Ra6 59. Rc7 Kf5 0-1

[Event "Manchester 2015.05 IM"]
[Site "Manchester USA"]
[Date "2015.05.07"]
[Round "2"]
[White "Movsisyan, Movses"]
[Black "Hebert, Jean"]
[Result "1/2-1/2"]
[WhiteElo "2233"]
[BlackElo "2381"]
[PlyCount "91"]
[GameId "2130307659276936"]
[EventDate "2015.05.07"]
[EventType "tourn"]
[EventRounds "9"]
[EventCountry "USA"]
[EventCategory "3"]
[SourceTitle "Mega2015 Update 26"]
[Source "Chessbase"]
[SourceDate "2015.05.23"]
[SourceVersion "1"]
[SourceVersionDate "2015.05.23"]
[SourceQuality "1"]

1. e4 e6 2. d4 d5 3. Nc3 Bb4 4. e5 Ne7 5. Bd2 c5 6. Nb5 Bxd2+ 7. Qxd2 O-O 8. c3 Nbc6 9. f4 a6 10. Nd6 cxd4 11. cxd4 Nf5 12. Nxf5 exf5 13. Nf3 Be6 14. b4 Qb6 15. a3 f6 16. exf6 Rxf6 17. Rc1 Re8 18. Rc5 Nb8 19. Bd3 Nd7 20. Rc2 Bf7+ 21. Be2 Bh5 22. Ne5 Bxe2 23. Kxe2 Rfe6 24. Rhc1 Nf6 25. Rc8 Ne4 26. Qd3 Nd6 27. Rxe8+ Rxe8 28. Rc5 Ne4 29. Rxd5 Qe6 30. Rc5 Nxc5 31. dxc5 g6 32. Kf3 g5 33. Qc4 Qxc4 34. Nxc4 gxf4 35. Nd6 Re3+ 36. Kxf4 Rxa3 37. Nxb7 Kf7 38. Kxf5 Ke7 39. c6 Ra2 40. g4 Rxh2 41. Nc5 Kd6 42. Nxa6 Kxc6 43. Nc5 Rf2+ 44. Ke5 Kb5 45. g5 Rg2 46. Kf5 1/2-1/2

[Event "Manchester 2015.05 IM"]
[Site "Manchester USA"]
[Date "2015.05.08"]
[Round "3"]
[White "Hebert, Jean"]
[Black "Vibbert, Sean"]
[Result "1/2-1/2"]
[WhiteElo "2381"]
[BlackElo "2312"]
[PlyCount "91"]
[GameId "2130307659281035"]
[EventDate "2015.05.07"]
[EventType "tourn"]
[EventRounds "9"]
[EventCountry "USA"]
[EventCategory "3"]
[SourceTitle "Mega2015 Update 26"]
[Source "Chessbase"]
[SourceDate "2015.05.23"]
[SourceVersion "1"]
[SourceVersionDate "2015.05.23"]
[SourceQuality "1"]

1. e4 c5 2. Nf3 e6 3. c3 d5 4. exd5 Qxd5 5. d4 Nc6 6. Na3 cxd4 7. Nb5 Bd6 8. Bc4 Qe4+ 9. Be3 Bb8 10. cxd4 Nf6 11. O-O O-O 12. Re1 a6 13. Nc3 Qf5 14. h3 Nb4 15. Bb3 b5 16. a3 Nbd5 17. Nxd5 Nxd5 18. Bc2 Nxe3 19. fxe3 Qh5 20. Be4 Ra7 21. Rc1 f5 22. Bb1 Bg3 23. Rf1 Bb7 24. Ba2 Qh6 25. Qe2 Bd5 26. Bb1 Raf7 27. Bd3 g5 28. Ne5 Bxe5 29. dxe5 f4 30. e4 f3 31. Qe3 Ba8 32. Rc2 Qg7 33. Rxf3 Rxf3 34. gxf3 Qxe5 35. Rg2 h6 36. h4 Qf4 37. Qxf4 Rxf4 38. hxg5 Rxf3 39. gxh6+ Kh7 40. Bc2 Rf4 41. Rg7+ Kxh6 42. Re7 Kg5 43. Rxe6 Rf6 44. Re5+ Kg4 45. Rc5 Rc6 46. Rxc6 1/2-1/2

[Event "Manchester 2015.05 IM"]
[Site "Manchester USA"]
[Date "2015.05.09"]
[Round "5"]
[White "Akylbekov, Nasyr"]
[Black "Hebert, Jean"]
[Result "1/2-1/2"]
[WhiteElo "2228"]
[BlackElo "2381"]
[PlyCount "89"]
[GameId "2130307659281041"]
[EventDate "2015.05.07"]
[EventType "tourn"]
[EventRounds "9"]
[EventCountry "USA"]
[EventCategory "3"]
[SourceTitle "Mega2015 Update 26"]
[Source "Chessbase"]
[SourceDate "2015.05.23"]
[SourceVersion "1"]
[SourceVersionDate "2015.05.23"]
[SourceQuality "1"]

1. e4 c5 2. Nf3 Nc6 3. d4 cxd4 4. Nxd4 e6 5. Nxc6 bxc6 6. Bd3 e5 7. O-O Nf6 8. Nd2 Bc5 9. Nb3 Bb6 10. c4 Qe7 11. Qc2 h6 12. c5 Bc7 13. f4 a5 14. fxe5 Ng4 15. h3 Nxe5 16. Bf4 g6 17. Rad1 a4 18. Nd4 Ra5 19. b4 axb3 20. Nxb3 Ra7 21. Be2 f6 22. Rf2 Kf7 23. Be3 Qe6 24. Rdf1 Bd8 25. Bf4 Kg7 26. Nd4 Qe8 27. Qc3 h5 28. Qg3 Kh7 29. Bxe5 Qxe5 30. Qxe5 fxe5 31. Rf7+ Kh6 32. Nxc6 Rxa2 33. Bc4 Rc2 34. Nxe5 Bc7 35. Bb3 Rc3 36. Nxg6 Kxg6 37. R7f6+ Kg5 38. R6f5+ Kh4 39. Bd5 Ba6 40. Ra1 Bc4 41. Ra4 Rc1+ 42. Kf2 Rc2+ 43. Kg1 Rc1+ 44. Kf2 Rc2+ 45. Kg1 1/2-1/2

[Event "Manchester 2015.05 IM"]
[Site "Manchester USA"]
[Date "2015.05.09"]
[Round "6"]
[White "Hebert, Jean"]
[Black "Gorti, Akshita"]
[Result "1/2-1/2"]
[WhiteElo "2381"]
[BlackElo "2080"]
[PlyCount "115"]
[GameId "2130307659281044"]
[EventDate "2015.05.07"]
[EventType "tourn"]
[EventRounds "9"]
[EventCountry "USA"]
[EventCategory "3"]
[SourceTitle "Mega2015 Update 26"]
[Source "Chessbase"]
[SourceDate "2015.05.23"]
[SourceVersion "1"]
[SourceVersionDate "2015.05.23"]
[SourceQuality "1"]

1. Nf3 Nf6 2. d4 e6 3. e3 b6 4. Bd3 Bb7 5. O-O c5 6. c4 Be7 7. Nc3 cxd4 8. exd4 d6 9. Re1 O-O 10. d5 e5 11. Bf1 Nbd7 12. Rb1 Ne8 13. Nd2 f5 14. f4 Bf6 15. Nf3 g6 16. Be3 Ng7 17. Qd2 Re8 18. Rbd1 Ba6 19. b3 Rc8 20. fxe5 Nxe5 21. Nd4 Bb7 22. h3 Qd7 23. a4 Bh4 24. Bf2 Bxf2+ 25. Qxf2 Rc5 26. Re3 a5 27. Rde1 Rcc8 28. Ncb5 Ba6 29. Qa2 Rf8 30. Nxd6 Qxd6 31. Rxe5 Rce8 32. Qe2 Qc5 33. Qf2 Qd6 34. Nc6 Rxe5 35. Nxe5 Bb7 36. Nd3 Re8 37. Rxe8+ Nxe8 38. Qf4 Qxf4 39. Nxf4 Nd6 40. Bd3 Bc8 41. h4 Kf7 42. Kf2 h6 43. Ke3 g5 44. hxg5 hxg5 45. Ne2 Kf6 46. Kd4 Nb7 47. Bc2 Nc5 48. Nc3 Bd7 49. g3 Nb7 50. d6 Ke6 51. Nd5 Kxd6 52. Nxb6 Be6 53. Nd5 Bxd5 54. cxd5 f4 55. gxf4 gxf4 56. Bd3 Nc5 57. Bc4 Nd7 58. Ke4 1/2-1/2

[Event "Manchester 2015.05 IM"]
[Site "Manchester USA"]
[Date "2015.05.10"]
[Round "7"]
[White "Yuan, Yuanling"]
[Black "Hebert, Jean"]
[Result "0-1"]
[WhiteElo "2270"]
[BlackElo "2381"]
[PlyCount "72"]
[GameId "2130307659281050"]
[EventDate "2015.05.07"]
[EventType "tourn"]
[EventRounds "9"]
[EventCountry "USA"]
[EventCategory "3"]
[SourceTitle "Mega2015 Update 26"]
[Source "Chessbase"]
[SourceDate "2015.05.23"]
[SourceVersion "1"]
[SourceVersionDate "2015.05.23"]
[SourceQuality "1"]

1. e4 e6 2. d4 d5 3. Nc3 Bb4 4. e5 c5 5. Bd2 Nh6 6. Nb5 Bxd2+ 7. Qxd2 O-O 8. f4 Nc6 9. Nf3 a6 10. Nd6 cxd4 11. Bd3 f6 12. O-O Ng4 13. Nxc8 Rxc8 14. h3 Ne3 15. Rf2 Qb6 16. b3 fxe5 17. fxe5 h6 18. Re1 Nb4 19. Bg6 Nexc2 20. Rc1 d3 21. a3 Nxa3 22. Rxc8 Rxc8 23. Qf4 Nac2 24. Nd2 Qc5 25. Kh2 Qe7 26. Bf7+ Kh8 27. Qg4 Rf8 28. Qh5 Qg5 29. Bxe6 Rd8 30. Qxg5 hxg5 31. Bf7 Nd4 32. h4 Nbc6 33. e6 g6 34. hxg5 Kg7 35. Rf4 Rh8+ 36. Kg3 Ne2+ 0-1

[Event "Manchester 2015.05 IM"]
[Site "Manchester USA"]
[Date "2015.05.10"]
[Round "8"]
[White "Hebert, Jean"]
[Black "Shmeliov, Denis"]
[Result "1/2-1/2"]
[WhiteElo "2381"]
[BlackElo "2411"]
[PlyCount "123"]
[GameId "2130307659281052"]
[EventDate "2015.05.07"]
[EventType "tourn"]
[EventRounds "9"]
[EventCountry "USA"]
[EventCategory "3"]
[SourceTitle "Mega2015 Update 26"]
[Source "Chessbase"]
[SourceDate "2015.05.23"]
[SourceVersion "1"]
[SourceVersionDate "2015.05.23"]
[SourceQuality "1"]

1. c4 c6 2. e4 d5 3. exd5 cxd5 4. cxd5 Nf6 5. Nc3 Nxd5 6. Nf3 e6 7. d4 Be7 8. Bd3 O-O 9. O-O Nc6 10. Re1 Nxc3 11. bxc3 Bf6 12. Qe2 Qd5 13. Rb1 g6 14. Rb5 Qd7 15. Bh6 Bg7 16. Bxg7 Kxg7 17. Rc5 Qd6 18. Qe3 f6 19. Be4 Nd8 20. Rb5 Bd7 21. Rb3 Rb8 22. c4 b6 23. h4 Rc8 24. Rc1 Qe7 25. h5 g5 26. c5 g4 27. h6+ Kg8 28. Nh4 f5 29. Nxf5 exf5 30. Bd5+ Be6 31. Re1 bxc5 32. Rb7 Qf6 33. Bxe6+ Nxe6 34. Qxe6+ Kh8 35. dxc5 Rc6 36. Qxf6+ Rcxf6 37. Rxa7 Rxh6 38. g3 Rc8 39. Rf7 Rhc6 40. Rxf5 Rxc5 41. Rxc5 Rxc5 42. a4 Ra5 43. Re4 h5 44. Kf1 Kg7 45. Ke2 Kf6 46. Ke3 Kf5 47. Rb4 Ke6 48. Re4+ Kf5 49. Kd3 Rd5+ 50. Rd4 Ra5 51. Kc3 Ke5 52. Rc4 Kd5 53. Rf4 Kc6 54. Kb4 Rd5 55. Rf6+ Kb7 56. a5 Ka7 57. a6 h4 58. gxh4 Rh5 59. Kc4 Rxh4 60. Rf4 Rh2 61. Kd3 Rg2 62. Kd4 1/2-1/2

[Event "Cannes Summer op"]
[Site "Cannes FRA"]
[Date "2014.07.07"]
[Round "1.13"]
[White "Hebert, Jean"]
[Black "Afraoui, Solenn"]
[Result "1/2-1/2"]
[WhiteElo "2378"]
[BlackElo "1985"]
[PlyCount "55"]
[GameId "2130307669240565"]
[EventDate "2014.07.07"]
[EventType "swiss"]
[EventRounds "9"]
[EventCountry "FRA"]
[SourceTitle "10 Days #412"]
[Source "Chess Mix"]

1. d4 Nf6 2. Nf3 c5 3. e3 g6 4. Nbd2 d6 5. c3 Bg7 6. Bc4 O-O 7. O-O Nbd7 8. b4 d5 9. Bb3 b6 10. a4 Bb7 11. Ba3 Rc8 12. Ne5 Nxe5 13. dxe5 Ne4 14. Nxe4 dxe4 15. e6 f5 16. bxc5 bxc5 17. Bc4 Qa5 18. Bb5 Ba6 19. Rb1 Bxb5 20. Rxb5 Qxc3 21. Qc1 Rfd8 22. Qxc3 Bxc3 23. Rxc5 Bf6 24. g3 Rxc5 25. Bxc5 Rc8 26. Bxa7 Ra8 27. Bc5 Rxa4 28. Rb1 1/2-1/2

[Event "Cannes Summer op"]
[Site "Cannes FRA"]
[Date "2014.07.08"]
[Round "2.13"]
[White "Malaniuk, Vladimir"]
[Black "Hebert, Jean"]
[Result "1/2-1/2"]
[WhiteElo "2554"]
[BlackElo "2378"]
[PlyCount "43"]
[GameId "2130307669240590"]
[EventDate "2014.07.07"]
[EventType "swiss"]
[EventRounds "9"]
[EventCountry "FRA"]
[SourceTitle "10 Days #412"]
[Source "Chess Mix"]

1. d4 Nf6 2. c4 e6 3. Nf3 Bb4+ 4. Nbd2 b6 5. e3 O-O 6. Bd3 d5 7. O-O Bb7 8. a3 Be7 9. cxd5 exd5 10. b3 Nbd7 11. Bb2 Ne4 12. Re1 Bd6 13. Nf1 Qe7 14. N3d2 Rfe8 15. f3 Nxd2 16. Qxd2 Qh4 17. Qf2 Qxf2+ 18. Kxf2 a6 19. Rac1 c5 20. g3 Rab8 21. Red1 Nf8 22. Be2 1/2-1/2

[Event "Cannes Summer op"]
[Site "Cannes FRA"]
[Date "2014.07.08"]
[Round "3.10"]
[White "Hebert, Jean"]
[Black "Venner, Laurent"]
[Result "1-0"]
[WhiteElo "2378"]
[BlackElo "2044"]
[PlyCount "53"]
[GameId "2130307669240612"]
[EventDate "2014.07.07"]
[EventType "swiss"]
[EventRounds "9"]
[EventCountry "FRA"]
[SourceTitle "10 Days #412"]
[Source "Chess Mix"]

1. Nf3 d6 2. d4 Bg4 3. c4 Bxf3 4. gxf3 Nd7 5. Nc3 g6 6. f4 Bg7 7. e4 c5 8. Be3 Qb6 9. Nd5 Qa5+ 10. b4 Qd8 11. Rb1 e6 12. Nc3 Ne7 13. Nb5 Nf6 14. e5 Ne4 15. Bg2 a6 16. exd6 axb5 17. Bxe4 Nc6 18. bxc5 Qa5+ 19. Kf1 Qxa2 20. cxb5 Nxd4 21. Kg2 Nf5 22. Bxf5 exf5 23. d7+ Kd8 24. c6 Kc7 25. b6+ Kxc6 26. Rc1+ Kb5 27. Qd3+ 1-0